Responses for show #2929 - Thursday, May 1, 1997

1997 Celebrity Jeopardy! game 4.

Law & Order theme music used during the opening.

(Johnny Gilbert: Now entering the studio are today's celebrity guests. From Law & Order, assistant D.A.'s Jack McCoy and Jamie Ross, and detective Rey Curtis...)

Contestants

[<< previous game]

Benjamin Bratt, an actor from Law & Order

Carey Lowell, an actress from Law & Order

Sam Waterston, an actor from Law & Order

[next game >>]

Jeopardy! Round responses

TV ATTORNEYS
U.S. GEOGRAPHY
FASHION STATEMENTS
WORLD LEADERS
LAW
ORDER
    $100 5
Jimmy Smits

Ben
    $100 8
Gulf of Mexico

Carey
    $100 11
rags

Sam
    $100 2
Queen Elizabeth II

Carey
    $100 1
(Sam: [*]... What is a [*]?!)

verdict

Sam
    $100 3
(Sam: Who is William?)

Prince Charles

SamCarey
    $200 6
Mariel Hemingway

Ben
    $200 9
Manhattan

Sam
    $200 12
(Ben: What is lid?)

shirt

CareyBen
    $200 27
United Nations

Carey
    $200 19
5th

Carey
    $200 4
(Ben: What is cleanup... 4th?)

4th

Ben
    $300 7
Bill Maher

Carey
    $300 10
(Sam: Superior... What is Superior?)

Michigan

SamCarey
    $300 13
skirt

Sam
    $300 28
Nelson Mandela

Ben
    $300 20
homicide

Sam
    $300 18
Return of the Jedi

Carey
    $400 25
(Ben: Who is Stephen Collins?)
...
(Alex: We have about a minute left.)

Robert Reed

Ben
Triple Stumper
    $400 14
Maine

Sam
    $400 15
dressed to kill

Sam
    $400 29
Deng Xiaoping

Sam
    $400 21
a will

Sam
    $400 22
Hawaii

Ben
    $800 26
(Alex: Don't dance to it, give me a response!)

Perry Mason

Ben
    $500 16
(Ben: Beats me!)

Kansas City

Triple Stumper
    $500 17
glove

Sam
    $500 30
(Carey: Who is Helmut Schmidt?)

Helmut Kohl

CareyBen
    $500 24
retainer

Ben
    $500 23
choice

Sam

Scores at the first commercial break (after clue 14):

Sam Carey Ben
$700 $1,100 $300

Scores at the end of the Jeopardy! Round:

Sam Carey Ben
$3,200 $1,300 $2,400

Double Jeopardy! Round responses

BOOK TITLE OBJECTS
EUROPEAN HISTORY
FOOD & DRINK
BOND... JAMES BOND
MONEY
OPERATIC DEMISES
    $200 17
Notre Dame

Carey
    $200 3
Christopher Columbus

Carey
    $200 12
orange

Ben
    $200 1
Sean Connery

Carey
    $200 22
mint

Carey
    $200 8
Rome

Ben
    $400 18
gables

Carey
    $400 4
Belgium

Sam
    $400 13
tequila

Ben
    $400 2
Ian Fleming

Sam
    $400 23
(Sam: What is a fiver?)

$5

Sam
    $400 27
burned at the stake

Sam
    $600 19
the time machine

Ben
    $600 5
France

Sam
    $600 14
(Sam: What is a New York?)

Porterhouse

SamBen
    $600 9
(1 of) Diana Rigg & Joanna Lumley

Carey
    $600 24
(Alex: Obviously, we've found your category!)

gold

Sam
    $600 28
Carmen

Sam
    $800 20
Quilt

Carey
    $800 6
Rasputin

Sam
    $800 15
(Carey: What is Ice?)
(Ben: What is light beer?)

Zima

CareyBen
Triple Stumper
    $1,000 10
(1 of 3) Dr. No, Goldfinger or Octopussy

Carey
    $800 25
loan

Sam
    $800 29
Madame Butterfly

Sam
    $1000 21
A Room with a View

Carey
    $1,000 7
Soviet Union

Sam
    $1000 16
Java

Ben
    $1000 11
Roger Moore

Ben
    $1000 26
(Ben: Who is Jeffrey Katzenberg?)
...
(Alex: And we have less than a minute in the round.)

Michael Ovitz

CareyBen
    $1000 30
Lucrezia Borgia

Triple Stumper

Scores at the end of the Double Jeopardy! Round:

Sam Carey Ben
$9,400 $6,100 $4,600

[wagering suggestions for these scores]

Final Jeopardy! Round responses

QUOTATIONS ABOUT LAWYERS
(Alex: From "Henry VI, Part 2".)
BenWho is Shakespeare
$4,600
CareyWho was Tennessee Williams?
$5,900
SamWho is William Shakespeare
$9,400
William Shakespeare

Final scores:

Sam Carey Ben
$18,800 $200 $9,200
Winner: $23,800 for Refugees International 3rd place: $10,000 for the Pediatric AIDS Foundation 2nd place: $10,000 for the American Indian Friendship House of San Francisco

Game dynamics:

Coryat scores:

Sam Carey Ben
$9,400 $5,900 $4,300
22 R
(including 1 DD),
3 W
19 R
(including 1 DD),
2 W
15 R
(including 1 DD),
4 W

Combined Coryat: $19,600

The J! Archive is created by fans, for fans. The Jeopardy! game show and all elements thereof, including but not limited to copyright and trademark thereto, are the property of Jeopardy Productions, Inc. and are protected under law. This website is not affiliated with, sponsored by, or operated by Jeopardy Productions, Inc. Join the discussion at JBoard.tv.